| 000 | 00975nam a2200241 i 4500 | ||
|---|---|---|---|
| 001 | 89600 | ||
| 003 | ES-MaACL | ||
| 005 | 20250902070713.0 | ||
| 007 | t| | ||
| 008 | 050111s1972 sp |||| | spa d | ||
| 100 | 1 |
_aLasser, J. K. _970466 |
|
| 245 | 1 | 0 |
_aOrganización de empresas / _cJ.K. Lasser ; prólogo, supervisión, anotaciones... por Sergio Garigoy Badía ; [versión de C. Niell Sureda y Sergio Garcigoy Badía]. |
| 250 | _a3ª ed. act. | ||
| 260 |
_aBarcelona : _bEditorial Hispano Europea, _c1972. |
||
| 300 |
_aXXII, 160 p. ; _c21 cm. |
||
| 490 | 1 | _aBiblioteca de dirección, organización y administración de empresas . Técnicas administrativas | |
| 650 | 0 | 7 |
_aGestión de empresas _2embne _912210 |
| 700 | 1 |
_aGarcigoy Badía, Sergio. _955470 |
|
| 700 | 1 |
_aNiell Sureda, Conrado. _985634 |
|
| 830 | 0 | 0 |
_aBiblioteca de dirección, organización y administración de empresas _9183673 |
| 852 |
_aES-MaACL _jA-6348 |
||
| 999 |
_c89600 _d89600 |
||